zpět

Detail výsledku týmu

Hospůdka Sokolovna, Bořitov

Datum a čas kvízu

42 Celkem bodů Celkový počet nahraných bodů na tomto kvízu bez doplňovacích otázek.
1. Pořadí na kvízu Konečné umístění týmu na tomto kvízu.

Zaznamenané odpovědi

# Otázka Odpověď Body Výsledky
1. Minulý týden byla představena... Lidl 1
2. Úterní předčasné parlamentní v... Grónsko 1
3. Ve středu vystoupil v pražské... Lenny Kravitz 1
4. Minulý týden jsme se dozvěděli... Okay 1
5. Jak se jmenuje italský gólman,... Gianluigi Donnarumma 1
6. V příštích pěti otázkách vždy... C 0
7. V době, kdy Lyndon B. Johnson... Tokio, Mexico City 1
8. Co nemohl během svého působení... B 1
9. Ze kterého města pocházel tým,... Zlín 1
10. O které z těchto událostí se z... B 0